| 000 | 00850cab a2200241 4500 | ||
|---|---|---|---|
| 001 | ABS55517 | ||
| 008 | 090401t1996 xxu||||| |||| 00| 0 eng d | ||
| 035 | _a(Sirsi) u17090 | ||
| 041 | _aeng | ||
| 100 | _aBaumann. M, | ||
| 245 | _aEconomic models: perspectives for the professional | ||
| 260 | _c1996 | ||
| 350 | _a0 | ||
| 490 |
_aJournal of Property Finance _v7(2) June 1996, 45-57(14) |
||
| 520 | _aProvides an overview for the property professional on economic models. Considers the usefulness of models, issues to take into account when developing a model, suitability of an existing model and how to interpret model output. | ||
| 650 | _aECONOMIC FORECASTS | ||
| 650 | _aECONOMIC MODELS | ||
| 650 | _aFORECASTS | ||
| 690 | _aPROPERTY-PROPERTY FINANCE AND INVESTMENT | ||
| 700 | _aGroth, J | ||
| 942 | _n0 | ||
| 948 | _c04/03/1997 | ||
| 999 |
_c11326 _d11326 |
||